[Event "DSOL 02 Liga Gr-D 1st"]
[Site "Playchess.com INT"]
[Date "2020.06.24"]
[Round "1.4"]
[White "Ruiz Hampel, Enrique"]
[Black "Gerst, Michael"]
[Result "1-0"]
[WhiteElo "1939"]
[BlackElo "1901"]
[PlyCount "121"]
[EventDate "2020.06.22"]
[EventType "team-tourn (rapid)"]
[EventCountry "GER"]
[SourceTitle "EXT 2021"]
[Source "ChessBase"]
[SourceDate "2020.10.23"]
[SourceVersion "1"]
[SourceVersionDate "2020.10.23"]
[SourceQuality "1"]
[WhiteTeam "Eckernforder SC"]
[BlackTeam "Oberhausen SV"]
[WhiteTeamCountry "GER"]
[BlackTeamCountry "GER"]

1. e4 c5 2. Nf3 e6 3. c3 d5 4. exd5 Qxd5 5. d4 Nf6 6. Be2 Be7 7. 0-0 cxd4 8. cxd4 0-0 9. Nc3 Qd6 10. h3 Nc6 11. Nb5 Qd8 12. Bf4 Nd5 13. Bg3 a6 14. Nc3 b6 15. Rc1 Bb7 16. Nxd5 Qxd5 17. Bc4 Qd8 18. d5 exd5 19. Bxd5 Rc8 20. Ne5 Nxe5 21. Bxb7 Rxc1 22. Qxc1 Nd3 23. Qd2 Nc5 24. Qd5 Qxd5 25. Bxd5 Rd8 26. Rd1 Na4 27. Be5 b5 28. Bf3 Rxd1+ 29. Bxd1 Nc5 30. Bc2 Nd7 31. Bc7 Bf6 32. b3 Be5 33. Ba5 Bd4 34. Kf1 h6 35. Ke2 Kf8 36. f4 Ke7 37. Kf3 Kd6 38. Ke4 Bc5 39. Bc3 g6 40. g4 Bg1 41. b4 Nb6 42. Bb3 Nc4 43. Bxc4 bxc4 44. a4 Bf2 45. Bg7 h5 46. gxh5 gxh5 47. Bd4 Be1 48. Bc5+ Kc6 49. Kd4 c3 50. Kd3 Kd5 51. Be3 f5 52. b5 axb5 53. axb5 Kd6 54. Bd4 Kc7 55. Bxc3 Bg3 56. Be5+ Kb6 57. Kc4 Bh2 58. Bd4+ Kb7 59. Be3 Kc7 60. Kd5 Kd7 61. Ke5 1-0

[Event "Wiesbaden op 31st"]
[Site "Wiesbaden"]
[Date "2019.08.25"]
[Round "6"]
[White "Rowland, Anthony"]
[Black "Gerst, Michael"]
[Result "1/2-1/2"]
[WhiteElo "1776"]
[BlackElo "1974"]
[PlyCount "27"]
[EventDate "2019.08.22"]
[EventType "swiss"]
[EventRounds "7"]
[EventCountry "GER"]
[SourceTitle "EXT 2020"]
[Source "ChessBase"]
[SourceDate "2019.10.17"]
[SourceVersion "1"]
[SourceVersionDate "2019.10.17"]
[SourceQuality "1"]

1. Nf3 c5 2. c4 Nc6 3. Nc3 e5 4. g3 g6 5. Bg2 Bg7 6. d3 Nge7 7. Ne4 d6 8. Bg5 h6 9. Bf6 0-0 10. Bxg7 Kxg7 11. Qd2 Be6 12. h4 h5 13. Nfg5 Bc8 14. Nc3 1/2-1/2

[Event "Ruhrgebiet Regionalliga 1819"]
[Site "Nordrheinwestfalen"]
[Date "2018.12.16"]
[Round "5.5"]
[White "Rumpf, Thomas"]
[Black "Gerst, Michael"]
[Result "1-0"]
[WhiteElo "2014"]
[BlackElo "1933"]
[PlyCount "83"]
[EventDate "2018.09.02"]
[EventType "team-tourn"]
[EventRounds "11"]
[EventCountry "GER"]
[SourceTitle "EXT 2022"]
[Source "ChessBase"]
[SourceDate "2021.10.06"]
[SourceVersion "1"]
[SourceVersionDate "2021.10.06"]
[SourceQuality "1"]
[WhiteTeam "Kamen SV"]
[BlackTeam "Oberhausen SV II"]
[WhiteTeamCountry "GER"]
[BlackTeamCountry "GER"]

1. e4 c5 2. Nf3 e6 3. c3 d5 4. exd5 Qxd5 5. Na3 Nf6 6. Bc4 Qd8 7. 0-0 Nc6 8. Qe2 Be7 9. d4 cxd4 10. Rd1 a6 11. Nxd4 Qc7 12. Nac2 Nxd4 13. Nxd4 0-0 14. a4 Re8 15. Nf3 Bd7 16. Ne5 Rad8 17. Nxd7 Rxd7 18. Rxd7 Qxd7 19. Be3 Qc6 20. Bb3 Rd8 21. Rd1 Rxd1+ 22. Qxd1 Nd7 23. Bc2 g6 24. h3 b5 25. axb5 axb5 26. Bd3 b4 27. cxb4 Bxb4 28. Qc2 Qxc2 29. Bxc2 Kf8 30. Kf1 Ke7 31. Ke2 Nc5 32. Bd2 Bxd2 33. Kxd2 Kd6 34. Kc3 Kc6 35. Kc4 Kb6 36. Kd4 f6 37. f4 Kc6 38. b4 Na6 39. b5+ Kxb5 40. Bd3+ Kb6 41. Bxa6 Kxa6 42. Kc5 1-0

[Event "Wiesbaden op 30th"]
[Site "Wiesbaden"]
[Date "2018.08.26"]
[Round "7"]
[White "Gerst, Michael"]
[Black "Hoffmann, Christian"]
[Result "1/2-1/2"]
[WhiteElo "2009"]
[BlackElo "1859"]
[PlyCount "22"]
[EventDate "2018.08.23"]
[EventType "swiss"]
[EventRounds "7"]
[EventCountry "GER"]
[SourceTitle "CBM 186 Extra"]
[Source "ChessBase"]
[SourceDate "2018.08.24"]
[SourceVersion "1"]
[SourceVersionDate "2018.08.24"]
[SourceQuality "1"]

1. d4 Nf6 2. c4 g6 3. Nc3 Bg7 4. g3 d5 5. cxd5 Nxd5 6. Bg2 Nxc3 7. bxc3 c5 8. e3 0-0 9. Ne2 Nc6 10. 0-0 Qa5 11. Qb3 Qa6 1/2-1/2

[Event "Wiesbaden op 30th"]
[Site "Wiesbaden"]
[Date "2018.08.26"]
[Round "6"]
[White "Pauly, Markus"]
[Black "Gerst, Michael"]
[Result "1/2-1/2"]
[WhiteElo "1805"]
[BlackElo "2009"]
[PlyCount "127"]
[EventDate "2018.08.23"]
[EventType "swiss"]
[EventRounds "7"]
[EventCountry "GER"]
[SourceTitle "CBM 186 Extra"]
[Source "ChessBase"]
[SourceDate "2018.08.24"]
[SourceVersion "1"]
[SourceVersionDate "2018.08.24"]
[SourceQuality "1"]

1. c4 c5 2. g3 Nf6 3. Bg2 d5 4. Nf3 Nc6 5. 0-0 d4 6. e3 Nd7 7. exd4 cxd4 8. b4 Nxb4 9. Nxd4 e5 10. Nf3 Nc6 11. d4 Be7 12. d5 Ncb8 13. Bb2 f6 14. Nc3 Na6 15. d6 Bf8 16. Nb5 g6 17. Re1 Bg7 18. Qd5 Nb6 19. Nxe5 fxe5 20. Rxe5+ Kf8 21. Qf3+ Bf5 22. Rxf5+ gxf5 23. Qxf5+ Kg8 24. Qe6+ Kf8 25. Bxg7+ Kxg7 26. Bxb7 Re8 27. Qg4+ Kh8 28. Bxa6 Qf6 29. Qd4 Qxd4 30. Nxd4 Re4 31. Rd1 Rd8 32. c5 Nd7 33. c6 Nb6 34. Nb3 Re6 35. c7 Rdxd6 36. Rxd6 Rxd6 37. c8Q+ Nxc8 38. Bxc8 Rc6 39. Bf5 Ra6 40. Nc1 Ra5 41. g4 Rc5 42. Nd3 Rc2 43. Be6 Rd2 44. Nf4 Rd4 45. Nd5 Re4 46. Bf5 Ra4 47. Nf6 h6 48. Kg2 Rxa2 49. Kg3 a5 50. f4 a4 51. Be6 Rd2 52. f5 a3 53. Ne4 a2 54. Bxa2 Rxa2 55. h4 Ra3+ 56. Kf4 Rh3 57. h5 Ra3 58. f6 Ra5 59. Nd6 Kg8 60. f7+ Kf8 61. Ke4 Rg5 62. Kf4 Ra5 63. Ke4 Rg5 64. Kf4 1/2-1/2

[Event "Ruhrgebiet Regionalliga 1718"]
[Site "Germany"]
[Date "2017.11.12"]
[Round "3.3"]
[White "Schiefelbusch, Dirk"]
[Black "Gerst, Michael"]
[Result "1/2-1/2"]
[WhiteElo "2030"]
[BlackElo "2004"]
[PlyCount "69"]
[EventDate "2017.10.01"]
[EventType "team-tourn"]
[EventRounds "9"]
[EventCountry "GER"]
[SourceTitle "EXT 2022"]
[Source "ChessBase"]
[SourceDate "2021.10.06"]
[SourceVersion "1"]
[SourceVersionDate "2021.10.06"]
[SourceQuality "1"]
[WhiteTeam "Dortmund Hansa II"]
[BlackTeam "Oberhausen SV II"]
[WhiteTeamCountry "GER"]
[BlackTeamCountry "GER"]

1. d4 Nf6 2. Nf3 e6 3. c4 Bb4+ 4. Bd2 Qe7 5. e3 0-0 6. Bd3 Bxd2+ 7. Nbxd2 d6 8. 0-0 e5 9. Qc2 Re8 10. dxe5 dxe5 11. Ng5 h6 12. Nge4 Nbd7 13. Rfd1 Nc5 14. Nxc5 Qxc5 15. Ne4 Nxe4 16. Bxe4 c6 17. b3 Be6 18. Bh7+ Kh8 19. Bf5 Qe7 20. Bxe6 Qxe6 21. Rd2 Rad8 22. Rad1 Qe7 23. h3 Rxd2 24. Qxd2 g6 25. b4 Kg7 26. c5 Rc8 27. Qc3 f6 28. Qd3 Re8 29. a3 Rc8 30. e4 Re8 31. Rd2 Rc8 32. Qd7 Re8 33. Qd3 Rc8 34. Qd7 Re8 35. Qd3 1/2-1/2

[Event "Goch op 26th"]
[Site "Goch"]
[Date "2015.09.05"]
[Round "4"]
[White "Gerst, Michael"]
[Black "Khudovekov, Maxim"]
[Result "1-0"]
[WhiteElo "2043"]
[BlackElo "1793"]
[PlyCount "61"]
[EventDate "2015.09.03"]
[EventType "swiss"]
[EventRounds "7"]
[EventCountry "GER"]
[SourceTitle "EXT 2018"]
[Source "ChessBase"]
[SourceDate "2017.10.13"]
[SourceVersion "1"]
[SourceVersionDate "2017.10.13"]
[SourceQuality "1"]

1. d4 f5 2. g3 Nf6 3. Bg2 g6 4. Nf3 Bg7 5. 0-0 0-0 6. b4 d6 7. Bb2 Qe8 8. c4 c6 9. Nbd2 Nbd7 10. Qb3 Kh8 11. Rfe1 e5 12. e4 Nxe4 13. Nxe4 fxe4 14. Ng5 exd4 15. Rxe4 Ne5 16. f4 Qd8 17. Bxd4 Bf5 18. Ree1 h6 19. fxe5 dxe5 20. Bc5 e4 21. Bxf8 Qxf8 22. Nxe4 Bxa1 23. Rxa1 Re8 24. Qc3+ Qg7 25. Qxg7+ Kxg7 26. Nd6 Rf8 27. Nxb7 Bd3 28. c5 Rb8 29. Bxc6 Ba6 30. Rd1 Kf6 31. Rd8 1-0

[Event "Ruhrgebiet Verbandsliga Gruppe 2 1415"]
[Site "Germany"]
[Date "2014.12.14"]
[Round "4.3"]
[White "Birdaini, Becir"]
[Black "Gerst, Michael"]
[Result "1-0"]
[WhiteElo "2012"]
[BlackElo "1978"]
[PlyCount "75"]
[EventDate "2014.09.21"]
[EventType "team-tourn"]
[EventRounds "9"]
[EventCountry "GER"]
[SourceTitle "EXT 2022"]
[Source "ChessBase"]
[SourceDate "2021.10.06"]
[SourceVersion "1"]
[SourceVersionDate "2021.10.06"]
[SourceQuality "1"]
[WhiteTeam "Altenessen"]
[BlackTeam "Oberhausen SV II"]
[WhiteTeamCountry "GER"]
[BlackTeamCountry "GER"]

1. e4 c5 2. Nf3 e6 3. Nc3 Nc6 4. Bb5 Nd4 5. 0-0 a6 6. Bd3 Ne7 7. Nxd4 cxd4 8. Ne2 Nc6 9. b3 Bc5 10. Bb2 0-0 11. Ng3 Qh4 12. Be2 d6 13. d3 b5 14. a4 b4 15. Bc1 Bd7 16. f4 Qe7 17. f5 f6 18. fxe6 Bxe6 19. Bg4 Ne5 20. Bxe6+ Qxe6 21. Ne2 Ng6 22. Rf5 Rad8 23. Ng3 a5 24. Bd2 Ne7 25. Rf2 d5 26. Qh5 Qc6 27. Re1 dxe4 28. Nxe4 Nd5 29. Rf3 Rf7 30. Ng5 g6 31. Nxf7 gxh5 32. Nxd8 Qd7 33. Rg3+ Kh8 34. Ne6 Bb6 35. Bh6 Ne3 36. Bg7+ Kg8 37. Bxf6+ Kf7 38. Rg7+ 1-0

[Event "Ruhrgebiet Verbandsliga2 1213"]
[Site "Nordrheinwestfalen"]
[Date "2013.01.13"]
[Round "5.2"]
[White "Boehm, Juergen1111"]
[Black "Gerst, Michael"]
[Result "1-0"]
[WhiteElo "2105"]
[BlackElo "1985"]
[PlyCount "67"]
[EventDate "2012.09.02"]
[EventType "team-tourn"]
[EventRounds "9"]
[EventCountry "GER"]
[SourceTitle "EXT 2020"]
[Source "ChessBase"]
[SourceDate "2019.10.17"]
[SourceVersion "1"]
[SourceVersionDate "2019.10.17"]
[SourceQuality "1"]
[WhiteTeam "Brackel SF II"]
[BlackTeam "Oberhausen SV II"]
[WhiteTeamCountry "GER"]
[BlackTeamCountry "GER"]

1. d4 Nf6 2. Bg5 e6 3. e4 h6 4. Bxf6 Qxf6 5. Nc3 d6 6. Qd2 g5 7. h4 Bd7 8. 0-0-0 Nc6 9. Nb5 0-0-0 10. hxg5 hxg5 11. Rxh8 Qxh8 12. d5 exd5 13. exd5 Ne5 14. Nxa7+ Kb8 15. Nb5 g4 16. Qa5 Bxb5 17. Qxb5 Qf6 18. Ne2 Qxf2 19. Nd4 Bh6+ 20. Kb1 Rh8 21. a4 Be3 22. c3 Ka8 23. Qa5+ Kb8 24. Qb5 Ka8 25. a5 g3 26. Ka2 Qf6 27. a6 b6 28. Nf3 Rd8 29. Bc4 Ka7 30. Nd4 Ka8 31. Nc6 Rc8 32. Nxe5 dxe5 33. Qd7 Qd8 34. Qc6+ 1-0

[Event "Ruhrgebiet Regionalliga 1011"]
[Site "Nordrheinwestfalen"]
[Date "2011.04.03"]
[Round "8.5"]
[White "Gerst, Michael"]
[Black "Schneider, Axel"]
[Result "1/2-1/2"]
[WhiteElo "2014"]
[BlackElo "2098"]
[PlyCount "41"]
[EventDate "2010.09.19"]
[EventType "team-tourn"]
[EventRounds "9"]
[EventCountry "GER"]
[SourceTitle "EXT 2020"]
[Source "ChessBase"]
[SourceDate "2019.10.17"]
[SourceVersion "1"]
[SourceVersionDate "2019.10.17"]
[SourceQuality "1"]
[WhiteTeam "Oberhausen SV"]
[BlackTeam "Horst Emscher"]
[WhiteTeamCountry "GER"]
[BlackTeamCountry "GER"]

1. d4 Nf6 2. c4 g6 3. g3 Bg7 4. Bg2 0-0 5. Nf3 d6 6. 0-0 Nbd7 7. Qc2 e5 8. Rd1 Re8 9. Nc3 c6 10. b3 e4 11. Ng5 d5 12. cxd5 cxd5 13. Nb5 e3 14. Nc7 exf2+ 15. Kh1 Nb6 16. Nxe8 Qxe8 17. e4 dxe4 18. Nxe4 Nxe4 19. Qxe4 Qxe4 20. Bxe4 Bg4 21. Bd2 1/2-1/2

[Event "Ruhrgebiet Regionalliga 1011"]
[Site "Nordrheinwestfalen"]
[Date "2010.12.12"]
[Round "4.6"]
[White "Hufelschulte, Norbert"]
[Black "Gerst, Michael"]
[Result "1/2-1/2"]
[WhiteElo "2019"]
[BlackElo "2014"]
[PlyCount "86"]
[EventDate "2010.09.19"]
[EventType "team-tourn"]
[EventRounds "9"]
[EventCountry "GER"]
[SourceTitle "EXT 2020"]
[Source "ChessBase"]
[SourceDate "2019.10.17"]
[SourceVersion "1"]
[SourceVersionDate "2019.10.17"]
[SourceQuality "1"]
[WhiteTeam "Hamm SVg"]
[BlackTeam "Oberhausen SV"]
[WhiteTeamCountry "GER"]
[BlackTeamCountry "GER"]

1. d4 Nf6 2. c4 e6 3. Nc3 Bb4 4. Qc2 d5 5. a3 Bxc3+ 6. Qxc3 Ne4 7. Qc2 Nc6 8. e3 e5 9. cxd5 Qxd5 10. Bc4 Qa5+ 11. b4 Nxb4 12. Qxe4 Nc2+ 13. Ke2 Qe1+ 14. Kf3 Nxa1 15. Bb2 0-0 16. Kg3 h6 17. h4 Re8 18. Kh2 Qxf2 19. Bxa1 Bf5 20. Qf3 Qxh4+ 21. Nh3 Bxh3 22. Qxh3 Qxh3+ 23. gxh3 exd4 24. Rf1 Re7 25. exd4 c6 26. a4 Rae8 27. Bc3 Rc8 28. Rf3 Rce8 29. Kg2 b6 30. Kf2 Rd7 31. d5 Rxd5 32. Bxd5 cxd5 33. Rd3 Re4 34. a5 bxa5 35. Rxd5 a4 36. Ra5 Rh4 37. Kg2 Rc4 38. Be1 g5 39. Rxa7 Kg7 40. Bg3 Kg6 41. Ra6+ Kf5 42. Ra5+ Kg6 43. Ra6+ Kf5 1/2-1/2